000 00769cam a22002535a 4500
001 17737736
005 20150428140600.0
008 130514s2014 caua frb 001 0 eng d
020 _a9781446207345 (hardback)
020 _a9781446207352 (pbk.)
040 _aDLC
_cDLC
_dEG-ScBUE
082 0 4 _222
_a070.4
_bHIL
100 1 _aHill, Steve.
_937768
245 1 0 _aOnline journalism :
_bthe essential guide /
_cSteve Hill, Paul Lashmar.
260 _aLos Angeles :
_bSAGE,
_c2014.
300 _axi, 290 p. :
_bill. ;
_c23 cm.
500 _aIndex : p. 284-290.
504 _aBibliography : p. 272-283.
650 7 _2BUEsh
_aOnline journalism.
_937766
653 _bCOMAME
_cApril2015
655 _vreading book
_934232
700 1 _aLashmar, Paul.
_937767
942 _2ddc
999 _c19235
_d19207